MARC

LEADER 00000cam a2200000 i 4500
001 1/44526
008 031106s2001 gre d
020 |a 960-8029-13-9 
035 |l 10071563 
040 |a GR-MY-UA  |b gre  |e aacr 
041 0 |a gre 
082 0 |a 304.609495  |2 (21) 
245 1 3 |a Οι χωρικές διαστάσεις των δημογραφικών φαινομένων /  |c επιμέλεια Βύρων Κοτζαμάνης, Βασίλης Παππάς 
260 |a Βόλος :   |b Πανεπιστημιακές Εκδόσεις θεσσαλίας,   |c 2001 
300 |a 539 σ.  |e 1 οπτικός δίσκος λέιζερ Η/Υ (3 3/4 ιν.) 
500 |a Επιστημονικό συνέδριο με θέμα: Οι χωρικές διαστάσεις των δημογραφικών φαινομένων, 4-5 Νοεμβρίου 2000, Βόλος 
650 0 0 |a Demography  |x Congresses. 
650 0 0 |a Demography  |z Greece  |v Congresses. 
700 1 |a Κοτζαμάνης, Βύρων.  |4 edt 
700 1 |a Παππάς, Βασίλης.  |4 edt 
710 2 |a Πανεπιστήμιο θεσσαλίας Εργαστήριο Δημογραφικών και Κοινωνικών Ερευνών  |b Τμήμα Μηχανικών Χωροταξίας, Πολεοδομίας και Περιφερειακής Ανάπτυξης. 
710 2 |a Πανεπιστήμιο θεσσαλίας Εργαστήριο Εφαρμογών της Πληροφορικής στο Σχεδιασμό του Χώρου  |b Τμήμα Μηχανικών Χωροταξίας, Πολεοδομίας και Περιφερειακής Ανάπτυξης. 
852 |a INST  |b LESVOS  |e 20031106  |h 304.609495 ΧΩΡ  |p 005100029617  |q 005100029617  |t BK  |y 0 
852 |a INST  |b LESVOS  |e 20031106  |h 304.609495 ΧΩΡ   |p 005100029619  |q 005100029619  |t BK  |y 0 
901 |a BIBL1-2003-3 
909 |a Λ  |b 102228 
909 |a Λ  |b 106940 
970 |a ΤΖΑΦΕΡΗ  |b ΕΥΑΓΓΕΛΙΑ  |z 2003/11/06